| 000 | 00802nam a22001935i 4500 | ||
|---|---|---|---|
| 001 | 160991 | ||
| 003 | ES-MaACL | ||
| 005 | 20251014063233.0 | ||
| 008 | 990209s1892 ec |||| | spa d | ||
| 040 |
_aCCPB | B _bspa _cCCPB | B |
||
| 100 | 1 |
_aOlmedo, José Joaquín de, _d1780-1847 _986954 |
|
| 245 | 1 | 0 |
_aCartas inéditas de Olmedo / _cprecedidas de un breve estudio sobre ellas por Juan León Mera. |
| 260 |
_aQuito : _b[s.n.], _c1892 ( _fImprenta de la Universidad) |
||
| 300 |
_a17 p. ; _c25 cm. |
||
| 600 | 1 | 4 |
_aOlmedo, José Joaquín de, _d1780-1847 _986954 |
| 700 | 1 |
_aMera, Juan León. _980401 |
|
| 852 |
_aES-MaACL _jT-662-F-5 _z-- Enc. hol. _z-- An. ms.: ded. del autor al Ateneo de Madrid _q-- Falto de la cub. original _z-- Enc. en un vol. facticio |
||
| 999 |
_c160991 _d160991 |
||